000 01733cam a22003375a 4500
001 016685166
003 EG-ScBUE
005 20220407104618.0
008 140327s2014 enka f bd 001 0 eng d
020 _z9781107658172
040 _aStDuBDS
_beng
_erda
_cStDuBDS
_dEG-ScBUE
082 0 4 _a410
_bYUL
_222
100 1 _aYule, George,
_d1947-
_eauthor.
_939798
245 1 4 _aThe study of language /
_cGeorge Yule.
250 _aFifth edition.
264 1 _aCambridge :
_bCambridge University Press,
_c2014.
300 _axii, 322 pages :
_billustrations (some color) ;
_c24 cm
336 _2rdacontent
_atext
_btxt
337 _2rdamedia
_aunmediated
_bn
338 _2rdacarrier
_avolume
_bnc
500 _aIncludes glossary.
504 _aIncludes bibliographical references and index.
505 _a1. The origins of language -- 2. Animals and human language -- 3. The sounds of language -- 4. The sound patterns of language -- 5. Word-formation -- 6. Morphology -- 7. Grammar -- 8. Syntax -- 9. Semantics -- 10. Pragmatics -- 11. Discourse analysis -- 12. Language and the brain -- 13. First language acquisition -- 14. Second language acquisition/learning -- 15. Gestures and sign languages -- 16. Written language -- 17. Language history and change -- 18. Regional variation in language -- 19. Social variation in language -- 20. Language and culture -- Glossary.
650 7 _aLanguage and languages.
_2BUEsh
_917129
650 7 _aLinguistics.
_2BUEsh
_939740
651 _2BUEsh
653 _cJuly2016
_bHHUUEENN
655 _vReading book
_934232
856 _fOnline Resources
_uhttp://www.cambridge.org/eg/academic/textbooks/yule5
_zStudy guide, audio files, flashcards & figures
942 _2ddc
_e22
_k410 YUL
_cBB
999 _c21990
_d21962